000 00690nam a2200205Ia 4500
001 7296
003 GE_BSU
008 181216s||||||||xx |||||||||||||| ||und||
040 _cGE_BSU
080 _a621.643+622
100 _aГалеев,В.Б. Карпачев,М.З. Харламенко,В.И.
245 _aМагистральные нефте- продуктопроводы.
245 _cПод общей ред. В.И.Харламенко.
260 _aМ.
260 _bНедра.
260 _c1976.
300 _a357стр.22см.с илл. библиогр.:стр.355.
653 _aМагистральные нефте- продуктопроводы.
942 _cBK
999 _c40668
_d40668